Rājapathera pān̐cālī. (Record no. 79167)

MARC details
000 -LEADER
fixed length control field 00482cam a22001931 4500
001 - CONTROL NUMBER
control field sa 68003025
003 - CONTROL NUMBER IDENTIFIER
control field DLC
005 - DATE AND TIME OF LATEST TRANSACTION
control field 20260227112448.0
008 - FIXED-LENGTH DATA ELEMENTS--GENERAL INFORMATION
fixed length control field 881028s1967 xx 000 0 beno
010 ## - LIBRARY OF CONGRESS CONTROL NUMBER
LC control number sa 68003025
035 ## - SYSTEM CONTROL NUMBER
System control number (OCoLC)23568024
040 ## - CATALOGING SOURCE
Original cataloging agency DLC
Transcribing agency MiU
Modifying agency DLC
050 00 - LIBRARY OF CONGRESS CALL NUMBER
Classification number PK1718.S28
Item number A16 1967
100 1# - MAIN ENTRY--PERSONAL NAME
Personal name Sanyal, Diptendrakumar,
Dates associated with a name 1924-1966.
245 10 - TITLE STATEMENT
Title Rājapathera pān̐cālī.
260 ## - PUBLICATION, DISTRIBUTION, ETC.
Date of publication, distribution, etc. [1967]
300 ## - PHYSICAL DESCRIPTION
Extent 229 p.
Dimensions 23 cm.
500 ## - GENERAL NOTE
General note Romanized.

No items available.

Powered by Koha